000 00766nam a2200241 i 4500
001 82217
003 ES-MaACL
005 20250909195909.0
007 t|
008 041201s1957 sp |||| | spa d
080 _a1 Kant, Immanuel(081)
100 1 _aKant, Immanuel,
_d1724-1804
_9222608
245 1 0 _aCrítica de la razón pura
_b: estética trascendental y analítica trascendental /
_cKant ; nota preliminar de Francisco Romero.
250 _a3ª ed.
260 _aBuenos Aires :
_bLosada,
_c1957.
300 _a361 p. ;
_c20 cm.
650 1 7 _aFilosofía
_2embne
_912802
650 4 _aEpistemología.
_912338
650 7 _aÉtica
_2embne
_912577
700 0 _aRomero, Francisco,
_d1891-1962
_999324
852 _aES-MaACL
_jE-10533
999 _c82217
_d82217